Tôi - người đoàn viên thanh niên cộng sản

Sparad:
Bibliografiska uppgifter
Materialtyp: Sách giấy
Språk:Vietnamese
Publicerad: TP.HCM : TP.HCM, 2001
Taggar: Lägg till en tagg
Inga taggar, Lägg till första taggen!
Thư viện lưu trữ: Thư viện Trường Đại học Đà Lạt
LEADER 00492nam a2200217 4500
001 DLU020018651
005 ##10/1/2001
041 # # |a vie 
082 # # |a 324.3  |b DOA 
245 # # |a Tôi - người đoàn viên thanh niên cộng sản 
260 # # |a TP.HCM :  |b TP.HCM,  |c 2001 
300 # # |a 146 tr.;   |c 20 cm. 
992 # # |a 15000 
994 # # |a DLU 
900 # # |a False 
911 # # |a Administrator 
925 # # |a G 
926 # # |a A 
927 # # |a SH 
980 # # |a Thư viện Trường Đại học Đà Lạt